| 000 | 00458nam a22001697a 4500 | ||
|---|---|---|---|
| 003 | NUST | ||
| 005 | 20230309114450.0 | ||
| 020 | _c9695031048 | ||
| 082 | _a297.64,HAI | ||
| 100 |
_aHaikal, Muhammad Hussain _998696 |
||
| 245 |
_aHazrat Omar Farooq (RA) / _cMuhammad Hussain Haikal, |
||
| 260 |
_6Al-Faisal Nashran _bLahore _c2014 |
||
| 300 | _b941 p | ||
| 650 |
_aSawaneh _998697 |
||
| 651 |
_aAbdohu Muhammad Masood _998698 |
||
| 942 |
_2ddc _cBK _k297.64,HAI |
||
| 999 |
_c591338 _d591338 |
||